| Tag |
First Indicator |
Second Indicator |
Subfields |
| LEADER |
00000cam a2200000 a 4500 |
| 001 |
in00001403671 |
| 005 |
20151020053126.0 |
| 008 |
940317s1993 sp a 001 0bspa |
| 010 |
|
|
|a 94132615
|
| 020 |
|
|
|a 8408010166
|
| 035 |
|
|
|a (OCoLC)30119708
|
| 035 |
|
|
|9 AHM7118AM
|
| 040 |
|
|
|a DLC
|c DLC
|d TXA
|d UtOrBLW
|
| 043 |
|
|
|a e-sp---
|
| 049 |
|
|
|a TXAM
|
| 050 |
0 |
0 |
|a PQ6337
|b .T73 1993
|
| 082 |
0 |
0 |
|a 863/.3
|2 20
|
| 100 |
1 |
|
|a Trapiello, Andrés.
|
| 245 |
1 |
4 |
|a Las vidas de Miguel de Cervantes /
|c Andrés Trapiello.
|
| 250 |
|
|
|a 1. ed.
|
| 264 |
|
1 |
|a Barcelona, España :
|b Planeta,
|c 1993.
|
| 300 |
|
|
|a 259 pages :
|b illustrations ;
|c 21 cm.
|
| 336 |
|
|
|a text
|b txt
|2 rdacontent
|
| 337 |
|
|
|a unmediated
|b n
|2 rdamedia
|
| 338 |
|
|
|a volume
|b nc
|2 rdacarrier
|
| 490 |
1 |
|
|a Memoria de la historia ;
|v 82.
|a Personajes
|
| 500 |
|
|
|a Includes index.
|
| 600 |
1 |
0 |
|a Cervantes Saavedra, Miguel de,
|d 1547-1616.
|
| 650 |
|
0 |
|a Authors, Spanish
|y Classical period, 1500-1700
|v Biography.
|
| 830 |
|
0 |
|a Memoria de la historia ;
|v 82.
|
| 830 |
|
0 |
|a Memoria de la historia.
|p Personajes.
|
| 948 |
|
|
|a c:jlg
|
| 999 |
|
|
|a MARS
|
| 999 |
f |
f |
|s 6a35764a-527f-3750-a8df-2b372cb1fa46
|i a553ae5e-a922-3968-902e-c95e581fef3f
|t 0
|
| 952 |
f |
f |
|p normal
|a Texas A&M University
|b College Station
|c Sterling C. Evans Library
|d Evans: Library Stacks
|t 0
|e PQ6337 .T73 1993
|h Library of Congress classification
|i unmediated -- volume
|m A14823424432
|
| 998 |
f |
f |
|a PQ6337 .T73 1993
|t 0
|l Evans: Library Stacks
|